O Cristo recrucificado / (Record no. 324)

MARC details
000 -LÍDER
campo de controle de tamanho fixo 01670nam a22003137a 4500
001 - NÚMERO DE CONTROLE
campo de controle 324
003 - IDENTIFICADOR DO NÚMERO DE CONTROLE
campo de controle OSt
005 - DATA E HORÁRIO DA ÚLTIMA TRANSAÇÃO
campo de controle 20250528074018.0
008 - CAMPO DE DADOS FIXOS--INFORMAÇÃO GERAL
campo de controle de tamanho fixo 250327b |||||||e |||| 00| f eng d
040 ## - FONTE DA CATALOGAÇÃO
Idioma da catalogação por
041 ## - CÓDIGO DE IDIOMA
Código do idioma do original e/ou traduções intermediárias do texto gre
Código do idioma do texto/trilha sonora ou título diferente por
082 ## - CDD - CLASSIFICAÇÃO DECIMAL DE DEWEY
Número de Classificação 889
Número do exemplar K23c
100 1# - ENTRADA PRINCIPAL--NOME PESSOAL
Nome pessoal Kazantzakis, Nikos,
Datas associadas ao nome 1883-1957
9 (RLIN) 656
240 ## - TÍTULO UNIFORME
Título uniforme Christ Recruficied
245 ## - TÍTULO
Título O Cristo recrucificado /
Indicação de responsabilidade, etc. Kazantzakis, Nikos ; Tradução de Guilhermina Sette
260 ## - PUBLICAÇÃO, DISTRIBUIÇÃO, ETC.
Local de publicação, distribuição, etc. São Paulo
Nome do editor, distribuidor, etc. Abril
Data da publicação, distribuição, etc. 1971
300 ## - DESCRIÇÃO FÍSICA
Extensão 519 p.
490 1# - TÍTULO DA SÉRIE
Título da série Os Imortais da Literatura Universal
520 ## - NOTA DE RESUMO, ETC.
Resumo, etc. Existia um antigo costume na aldeia grega de Licóvrissi: a cada sete anos, por ocasião da Páscoa, se dramatizava a Paixão e Morte do Cristo. Os protagonistas desta dramatização eram escolhidos entre os próprios habitantes da aldeia e o critério usado para essa seleção era, não só a maior semelhança física, como também o comportamento moral do escolhido.<br/><br/>Por essa mesma ocasião, chega na aldeia um grupo de esfaimados e esfarrapados que fugiam dos turcos que haviam invadido e saqueado a cidadezinha onde moravam. Pedem proteção à população, mas somente a personagem "Cristo" sai em defesa dos refugiados - e de repente o drama da Paixão de Cristo torna-se realidade.<br/><br/>Este é o volume 23 da coleção Imortais da Literatura Universal da Editora Abril.<br/>
650 #0 - ASSUNTO--TERMO TÓPICO
Cabeçalho tópico ou nome geográfico Literatura grega
9 (RLIN) 657
650 #0 - ASSUNTO--TERMO TÓPICO
Cabeçalho tópico ou nome geográfico Religião
9 (RLIN) 100
650 #0 - ASSUNTO--TERMO TÓPICO
Cabeçalho tópico ou nome geográfico Encenação
9 (RLIN) 658
650 #0 - ASSUNTO--TERMO TÓPICO
Cabeçalho tópico ou nome geográfico Aventura
9 (RLIN) 47
655 #0 - TERMO DE ÍNDICE--GÊNERO E FORMA
Gênero/forma/ou termo foco Romance
655 #0 - TERMO DE ÍNDICE--GÊNERO E FORMA
Gênero/forma/ou termo foco Ficção
700 1# - ENTRADA ADICIONADA - NOME PESSOAL
Nome pessoal Sette, Guilhermina.
Datas associadas ao nome 1908-1980.
Função do autor por extenso TRADUTOR
830 ## - ENTRADA SECUNDÁRIA DE SÉRIE--TÍTULO UNIFORME
Título uniforme Os Imortais da Literatura Universal
9 (RLIN) 461
Número do volume ou designação sequencial da série vol. 28
942 ## - ELEMENTOS DE ENTRADA ADICIONADOS (KOHA)
Fonte de classificação ou esquema de arquivamento Classificação decimal de Dewey
Ocultar no OPAC Não
Tipo de material Koha Livros
Holdings
Situação do descarte Situação das perdas Fonte de classificação ou esquema de arquivamento Status danificado Não pode ser emprestado Coleção Biblioteca de origem Biblioteca atual Localização na estante Data de aquisição Fonte de aquisição Total de empréstimos Número de chamada completo Código de barras Data de último acesso Data do preço efetivo Tipo de material Koha
    Classificação decimal de Dewey     Ficção Biblioteca Professor Eduardo Afonso de Castro Biblioteca Professor Eduardo Afonso de Castro Literatura Estrangeira 27.03.2025 doação   889 / K23c 2025-17277 27.03.2025 27.03.2025 Livros

Powered by Koha